Economic policy in stormy waters (Registro nro. 30385)

Detalles MARC
000 -LEADER
fixed length control field 00328 a2200109 4500
001 - CONTROL NUMBER
control field ART_45161
005 - DATE AND TIME OF LATEST TRANSACTION
control field 20260410161951.0
008 - FIXED-LENGTH DATA ELEMENTS--GENERAL INFORMATION
fixed length control field 260409a
100 1# - MAIN ENTRY--PERSONAL NAME
Personal name Calvo, Guillermo A.
245 10 - TITLE STATEMENT
Title Economic policy in stormy waters
773 0# - HOST ITEM ENTRY
Title Journal of applied economics
Related parts - Vol. 4, Nº 1 (mayo 2001)
Record control number REV28044

No hay ítems disponibles.